TV Vanity Cards/Production Co. Logos Quiz Stats

 Plays Quiz not verified by Sporcle

Challenge
Share
Tweet
Embed
Score 0/26 Timer 10:00
0 Plays Today
% Correct
I Love Lucy
62.8%
Simpsons, The
59.9%
St Elsewhere
44.8%
Duck Factory, The
43.6%
Lost
43.6%
Family Ties
41.3%
Everybody Loves Raymond
41.3%
Hill Street Blues
40.1%
Big Bang Theory, The
40.1%
Buffy the Vampire Slayer
36%
Remington Steele
32%
Mary Tyler Moore Show, The
32%
Newhart
31.4%
% Correct
Taxi
30.8%
Modern Family
30.2%
Fresh Prince of Bel-Air, The
29.1%
Arsenio Hall
28.5%
Drew Carey Show, The
28.5%
White Shadow, The
27.9%
Night Court
26.2%
X-Files, The
24.4%
Hunter
23.3%
Growing Pains
22.1%
Mad About You
20.3%
Nanny, The
19.2%
Cougar Town
18%

You're not logged in!

Compare scores with friends on all Sporcle quizzes.
Join for Free
OR
Log In

You Might Also Like...

Show Comments

Extras

Top Quizzes Today


Score Distribution

Your Account Isn't Verified!

In order to create a playlist on Sporcle, you need to verify the email address you used during registration. Go to your Sporcle Settings to finish the process.

Report this User

Report this user for behavior that violates our Community Guidelines.

Details: